[Event "Senta Fantastico op 02"]
[Site "Senta"]
[Date "2024.02.25"]
[Round "5"]
[White "Orujov, Farid"]
[Black "Omorjan, Dejan"]
[Result "0-1"]
[WhiteElo "2261"]
[BlackElo "2341"]
[PlyCount "118"]
[EventDate "2024.02.22"]
[EventType "swiss"]
[EventRounds "9"]
[EventCountry "SRB"]
[SourceTitle "CB10_2024"]
[SourceDate "2024.03.06"]
[SourceVersion "1"]
[SourceVersionDate "2024.03.06"]
[SourceQuality "1"]

1. e4 c5 2. Nf3 d6 3. d4 cxd4 4. Nxd4 Nf6 5. Nc3 a6 6. h3 e5 7. Nb3 Be7 8. g4 h6 9. Be3 Qc7 10. Bg2 b5 11. Nd5 Nxd5 12. exd5 Nd7 13. Qe2 Nb6 14. Nd2 Bb7 15. Qd3 Rc8 16. Be4 Na4 17. 0-0-0 Nc5 18. Qe2 Nxe4 19. Nxe4 Qc4 20. Qxc4 Rxc4 21. Ng3 g6 22. b3 Rc7 23. Bb6 Rc3 24. Kb2 Rf3 25. Ne4 f5 26. Nd2 Bxd5 27. Rh2 Kd7 28. Nxf3 Bxf3 29. Rg1 Kc6 30. Be3 f4 31. Bd2 Bh4 32. Re1 g5 33. Bc3 Re8 34. Kc1 Kd5 35. Ba5 Kc5 36. a3 d5 37. Bb4+ Kc6 38. Bc3 Kd6 39. Bb4+ Kd7 40. Bc5 Rc8 41. b4 Ke6 42. c3 Kf6 43. Kc2 a5 44. Bd6 e4 45. Bc5 axb4 46. axb4 Ra8 47. Kb2 e3 48. Bxe3 fxe3 49. Rxe3 Be4 50. f3 Bg6 51. Rhe2 Bf7 52. Re5 Ra7 53. Rf5+ Kg7 54. Rfe5 Kf8 55. Rf5 Bg3 56. Rf6 Kg7 57. Rb6 d4 58. Rd2 Ra2+ 59. Kc1 Bf4 0-1

[Event "SRB-chT Premier"]
[Site "Bajina Basta"]
[Date "2023.09.26"]
[Round "9.3"]
[White "Scekic, Milos"]
[Black "Omorjan, Dejan"]
[Result "1/2-1/2"]
[WhiteElo "2408"]
[BlackElo "2282"]
[PlyCount "163"]
[EventDate "2023.09.18"]
[EventType "team-tourn"]
[EventRounds "11"]
[EventCountry "SRB"]
[SourceTitle "EXT 2024"]
[Source "ChessBase"]
[SourceDate "2023.10.10"]
[SourceVersion "1"]
[SourceVersionDate "2023.10.10"]
[SourceQuality "1"]
[WhiteTeam "Belgrade Zmaj"]
[BlackTeam "Novi Sad SK"]
[WhiteTeamCountry "SRB"]
[BlackTeamCountry "SRB"]

1. d4 Nf6 2. c4 g6 3. Nc3 d5 4. Nf3 Bg7 5. Bg5 Ne4 6. Bf4 0-0 7. cxd5 Nxc3 8. bxc3 Qxd5 9. e3 Qa5 10. Qd2 c5 11. Be5 Bh6 12. h4 Nc6 13. h5 Nxe5 14. Nxe5 cxd4 15. cxd4 Qxd2+ 16. Kxd2 Bg7 17. hxg6 hxg6 18. Bc4 Bxe5 19. dxe5 Rd8+ 20. Ke2 Bf5 21. Rhd1 Be4 22. f3 Bc6 23. e4 e6 24. Ke3 Kf8 25. f4 Rxd1 26. Rxd1 Rc8 27. Bb3 Bb5 28. Rd4 Rc3+ 29. Kf2 Bc6 30. g4 b5 31. f5 gxf5 32. gxf5 exf5 33. exf5 Rf3+ 34. Kg1 Rxf5 35. Rd6 Be8 36. Ra6 Rxe5 37. Rxa7 Kg7 38. Kf2 Re4 39. a3 Rh4 40. Bd1 Rd4 41. Be2 Kf6 42. Rb7 Rd5 43. Ke3 Re5+ 44. Kf2 Kg5 45. Rc7 Kf4 46. Rc3 f5 47. Rf3+ Kg5 48. Rc3 Rd5 49. Rg3+ Kf6 50. Rc3 Bf7 51. Rc6+ Kg5 52. Rb6 Be8 53. Re6 Bd7 54. Re3 Rc5 55. Rg3+ Kf6 56. Rb3 Rc2 57. Ke1 Rc5 58. Kf2 Bc6 59. Bf3 Be8 60. Be2 Rc2 61. Ke1 Rc5 62. Rb4 Ke5 63. Rb3 Kd4 64. Kd2 f4 65. Rb4+ Ke5 66. Bd1 Rd5+ 67. Ke1 Rc5 68. Kd2 Bf7 69. a4 bxa4 70. Bxa4 Bd5 71. Rb5 Rc4 72. Rxd5+ Kxd5 73. Bb3 Kd4 74. Bxc4 Kxc4 75. Ke2 Kd4 76. Kf3 Ke5 77. Kf2 Ke4 78. Ke2 f3+ 79. Kf2 Kf4 80. Kf1 Kg3 81. Kg1 f2+ 82. Kf1 1/2-1/2

[Event "SRB-chT Premier"]
[Site "Bajina Basta"]
[Date "2023.09.24"]
[Round "7.2"]
[White "Milosevic, Milos"]
[Black "Omorjan, Dejan"]
[Result "1-0"]
[WhiteElo "2382"]
[BlackElo "2282"]
[PlyCount "69"]
[EventDate "2023.09.18"]
[EventType "team-tourn"]
[EventRounds "11"]
[EventCountry "SRB"]
[SourceTitle "EXT 2024"]
[Source "ChessBase"]
[SourceDate "2023.10.10"]
[SourceVersion "1"]
[SourceVersionDate "2023.10.10"]
[SourceQuality "1"]
[WhiteTeam "Kac Jugovic"]
[BlackTeam "Novi Sad SK"]
[WhiteTeamCountry "SRB"]
[BlackTeamCountry "SRB"]

1. e4 d6 2. d4 Nf6 3. Nc3 e5 4. Nf3 Nbd7 5. h3 Be7 6. g4 h6 7. Be3 c6 8. a4 Qc7 9. Bg2 Nf8 10. Qd2 Ng6 11. a5 Bd7 12. 0-0 Nh7 13. Ne2 Nhf8 14. Ng3 Ne6 15. Rfd1 Nh4 16. Nxh4 exd4 17. Nhf5 dxe3 18. Qxe3 Bg5 19. Qa3 c5 20. Nxd6+ Kf8 21. e5 Bc6 22. Bxc6 Qxc6 23. Qb3 Bf4 24. Qd5 Qxd5 25. Rxd5 Rd8 26. Rad1 Nd4 27. Kg2 Nxc2 28. Rxc5 Bxg3 29. Kxg3 Nb4 30. Rc7 Kg8 31. f4 b6 32. Rxa7 Nc6 33. Rc7 Nxa5 34. b4 Nb3 35. Rc3 1-0

[Event "SRB-chT Premier"]
[Site "Bajina Basta"]
[Date "2023.09.19"]
[Round "2.5"]
[White "Omorjan, Dejan"]
[Black "Jovanovic, Dusan D"]
[Result "1/2-1/2"]
[WhiteElo "2282"]
[BlackElo "2393"]
[PlyCount "103"]
[EventDate "2023.09.18"]
[EventType "team-tourn"]
[EventRounds "11"]
[EventCountry "SRB"]
[SourceTitle "EXT 2024"]
[Source "ChessBase"]
[SourceDate "2023.10.10"]
[SourceVersion "1"]
[SourceVersionDate "2023.10.10"]
[SourceQuality "1"]
[WhiteTeam "Novi Sad SK"]
[BlackTeam "Kostolac Rudar"]
[WhiteTeamCountry "SRB"]
[BlackTeamCountry "SRB"]

1. d4 Nf6 2. c4 e6 3. Nf3 Bb4+ 4. Nbd2 b6 5. a3 Bxd2+ 6. Qxd2 Bb7 7. e3 a5 8. b3 d6 9. Be2 Nbd7 10. Bb2 0-0 11. 0-0 Ne4 12. Qc2 f5 13. d5 e5 14. Nd2 Nxd2 15. Qxd2 Qe7 16. b4 Bc8 17. Bc3 f4 18. exf4 Rxf4 19. Bd3 Ba6 20. Qe2 Raf8 21. Bd2 R4f7 22. Rac1 axb4 23. axb4 Qh4 24. Rc3 Bc8 25. Qe4 Qxe4 26. Bxe4 Nf6 27. Bd3 b5 28. cxb5 Nxd5 29. Rc6 Be6 30. Bc4 Rb8 31. Rc1 Nf4 32. Bf1 Nd5 33. Bc4 Nf4 34. Bf1 Nd5 35. g3 Bd7 36. R6c2 Bxb5 37. Bg2 c6 38. Rxc6 Bxc6 39. Rxc6 Nf6 40. g4 d5 41. g5 Ne4 42. Bxe4 dxe4 43. Rc4 Rd7 44. Be3 Rd5 45. Kg2 Kf7 46. Kg3 Rd1 47. Rxe4 Kg6 48. Rxe5 Rg1+ 49. Kf3 Rxb4 50. Re6+ Kf7 51. Rc6 Rb3 52. Ke4 1/2-1/2

[Event "Titled Tuesday intern op 15th Aug Early"]
[Site "Chess.com INT"]
[Date "2023.08.15"]
[Round "8"]
[White "Besou, Hussain"]
[Black "Omorjan, Dejan"]
[Result "0-1"]
[WhiteElo "2364"]
[BlackElo "2293"]
[PlyCount "112"]
[EventDate "2023.08.15"]
[EventType "swiss (blitz)"]
[EventRounds "11"]
[EventCountry "USA"]
[SourceTitle "EXT 2024"]
[Source "ChessBase"]
[SourceDate "2023.10.10"]
[SourceVersion "1"]
[SourceVersionDate "2023.10.10"]
[SourceQuality "1"]

1. e4 d6 2. d4 Nf6 3. Nc3 e5 4. Nf3 Nbd7 5. Rg1 g6 6. g4 exd4 7. Nxd4 Bg7 8. g5 Nxe4 9. Nxe4 Qe7 10. Bg2 Nc5 11. Be3 Nxe4 12. Qe2 0-0 13. 0-0-0 Nxg5 14. h4 Ne6 15. Nb5 Nf4 16. Qf3 Nxg2 17. Rxg2 Qe5 18. Nc3 c6 19. Bd4 Qf5 20. Qe3 Be6 21. Rg5 Qh3 22. Rg3 Qxh4 23. Bxg7 Kxg7 24. Ne4 d5 25. Ng5 Rae8 26. Qxa7 Qf4+ 27. Kb1 h6 28. Nxe6+ Rxe6 29. Qxb7 Qxf2 30. Rc3 Re1 31. Rcd3 Qe2 32. Kc1 Rxd1+ 33. Rxd1 Qe3+ 34. Kb1 Qe6 35. Qb6 h5 36. a4 h4 37. a5 h3 38. a6 h2 39. Qf2 Rh8 40. Rh1 Qe5 41. a7 d4 42. Rxh2 Rxh2 43. Qxh2 Qxh2 44. a8Q Qg2 45. Qd8 Qf1+ 46. Ka2 Qf6 47. Qc8 Qe6+ 48. Qxe6 fxe6 49. Kb3 g5 50. Kc4 e5 51. Kd3 Kf6 52. Ke4 Ke6 53. c3 dxc3 54. bxc3 Kf6 55. c4 Ke6 56. c5 Kf6 0-1

[Event "Titled Tuesday intern op 15th Aug Early"]
[Site "Chess.com INT"]
[Date "2023.08.15"]
[Round "7"]
[White "Omorjan, Dejan"]
[Black "Demchenko, Anton"]
[Result "0-1"]
[WhiteElo "2293"]
[BlackElo "2619"]
[PlyCount "84"]
[EventDate "2023.08.15"]
[EventType "swiss (blitz)"]
[EventRounds "11"]
[EventCountry "USA"]
[SourceTitle "EXT 2024"]
[Source "ChessBase"]
[SourceDate "2023.10.10"]
[SourceVersion "1"]
[SourceVersionDate "2023.10.10"]
[SourceQuality "1"]

1. d4 Nf6 2. c4 e6 3. Nf3 b6 4. g3 Bb4+ 5. Bd2 c5 6. Bg2 Bb7 7. Bxb4 cxb4 8. a3 bxa3 9. Rxa3 0-0 10. Nc3 a5 11. 0-0 Na6 12. Re1 d5 13. Ne5 Rb8 14. cxd5 Nxd5 15. e4 Ndb4 16. Nb5 Qe7 17. Nc4 Rfd8 18. e5 Bxg2 19. Kxg2 Qd7 20. Ncd6 Nc7 21. Nxc7 Qxc7 22. Rc3 Qd7 23. Qf3 Nd5 24. Rc2 a4 25. Rec1 b5 26. h4 b4 27. h5 h6 28. Rh1 Ra8 29. g4 Qe7 30. Ne4 a3 31. bxa3 Rxa3 32. Qd1 Qb7 33. Kg1 Ne3 34. fxe3 Qxe4 35. Rh3 Rxe3 36. Rxe3 Qxe3+ 37. Kg2 Qe4+ 38. Kg1 Rxd4 39. Rc8+ Kh7 40. Qc2 Qxc2 41. Rxc2 Rxg4+ 42. Kf2 Rg5 0-1

[Event "Titled Tuesday intern op 15th Aug Early"]
[Site "Chess.com INT"]
[Date "2023.08.15"]
[Round "1"]
[White "Omorjan, Dejan"]
[Black "Shapiro, Daniel E"]
[Result "1-0"]
[WhiteElo "2293"]
[BlackElo "2284"]
[PlyCount "141"]
[EventDate "2023.08.15"]
[EventType "swiss (blitz)"]
[EventRounds "11"]
[EventCountry "USA"]
[SourceTitle "EXT 2024"]
[Source "ChessBase"]
[SourceDate "2023.10.10"]
[SourceVersion "1"]
[SourceVersionDate "2023.10.10"]
[SourceQuality "1"]

1. d4 Nf6 2. Nf3 b6 3. e3 Bb7 4. Bd3 e6 5. 0-0 d6 6. Nbd2 Nbd7 7. e4 e5 8. c3 g6 9. Qe2 Bg7 10. Re1 0-0 11. dxe5 dxe5 12. Bc2 Re8 13. Nf1 a5 14. Ng3 Nc5 15. Rd1 Qe7 16. Bg5 h6 17. Bxf6 Bxf6 18. h3 Ne6 19. Qe3 Bg7 20. Bb3 Nf4 21. Ne2 Nxe2+ 22. Qxe2 a4 23. Bc4 a3 24. b4 h5 25. Rd3 Bh6 26. Rad1 Bc8 27. Bb5 Rf8 28. Bc6 Ra7 29. b5 f6 30. Bd5+ Be6 31. Qc2 Kg7 32. Qb3 Bc8 33. Bc6 Qc5 34. Nh2 Qe7 35. Rd7 Bxd7 36. Rxd7 Rf7 37. Rxe7 Rxe7 38. Qd5 Ra4 39. Nf1 Bg5 40. g3 Ra7 41. h4 Bh6 42. Qd8 Rf7 43. Bd5 Rf8 44. Qe7+ Kh8 45. Ne3 Bg7 46. Kg2 Ra5 47. Bc6 Ra4 48. Qxc7 Ra5 49. Qxb6 Ra4 50. Qc5 Ra5 51. Nd5 Kh7 52. Nb4 Rd8 53. Qe7 Rd2 54. Be8 Ra8 55. Qf7 Rxe8 56. Qxe8 Bh6 57. Qf7+ Bg7 58. b6 Rd8 59. b7 Rb8 60. Qc7 Rf8 61. b8Q Rxb8 62. Qxb8 Bh6 63. Qc7+ Bg7 64. Nd5 Kg8 65. Qe7 Kh7 66. Nxf6+ Kh6 67. Nd5 g5 68. Qxg5+ Kh7 69. Qxh5+ Kg8 70. Qg6 Kf8 71. h5 1-0

[Event "Titled Tuesday intern op 15th Aug Early"]
[Site "Chess.com INT"]
[Date "2023.08.15"]
[Round "4"]
[White "Osinovsky, Stepan"]
[Black "Omorjan, Dejan"]
[Result "0-1"]
[WhiteElo "2241"]
[BlackElo "2293"]
[PlyCount "46"]
[EventDate "2023.08.15"]
[EventType "swiss (blitz)"]
[EventRounds "11"]
[EventCountry "USA"]
[SourceTitle "EXT 2024"]
[Source "ChessBase"]
[SourceDate "2023.10.10"]
[SourceVersion "1"]
[SourceVersionDate "2023.10.10"]
[SourceQuality "1"]

1. e4 d6 2. d4 Nf6 3. Nc3 e5 4. Nge2 Be7 5. g3 h5 6. h3 exd4 7. Nxd4 Nc6 8. Bg2 Nxd4 9. Qxd4 Be6 10. Bg5 c6 11. 0-0-0 0-0 12. f4 Qb6 13. Qd2 Rfe8 14. f5 Bc4 15. g4 h4 16. Bxh4 Nxe4 17. Nxe4 Bxh4 18. Nxd6 Rad8 19. Qc3 Bxa2 20. Nxe8 Bg5+ 21. Rd2 Bxd2+ 22. Qxd2 Rxd2 23. Kxd2 Qf2+ 0-1

[Event "Titled Tuesday intern op 15th Aug Early"]
[Site "Chess.com INT"]
[Date "2023.08.15"]
[Round "6"]
[White "Pandey, Srishti"]
[Black "Omorjan, Dejan"]
[Result "0-1"]
[WhiteElo "2133"]
[BlackElo "2293"]
[PlyCount "78"]
[EventDate "2023.08.15"]
[EventType "swiss (blitz)"]
[EventRounds "11"]
[EventCountry "USA"]
[SourceTitle "EXT 2024"]
[Source "ChessBase"]
[SourceDate "2023.10.10"]
[SourceVersion "1"]
[SourceVersionDate "2023.10.10"]
[SourceQuality "1"]

1. e4 d6 2. d4 Nf6 3. Nc3 e5 4. Nf3 Nbd7 5. Bc4 Be7 6. 0-0 0-0 7. h3 c6 8. Bb3 h6 9. Re1 Re8 10. Be3 exd4 11. Nxd4 Nc5 12. Bf4 Bf8 13. e5 dxe5 14. Bxe5 Nfd7 15. Bg3 Rxe1+ 16. Qxe1 Nxb3 17. axb3 Nb6 18. Rd1 Qf6 19. Ne4 Qg6 20. Nf3 Be6 21. Qe2 Qh5 22. Bd6 Qg6 23. Ne5 Qf5 24. Nc5 Bxd6 25. Rxd6 Bd5 26. c4 Re8 27. cxd5 Rxe5 28. Rd8+ Kh7 29. Qf1 Nxd5 30. Nxb7 Nf4 31. Rd1 Qg6 32. Kh2 Rg5 33. g3 Nxh3 34. Kxh3 Rh5+ 35. Kg2 Qe4+ 36. f3 Qc2+ 37. Qf2 Rh2+ 38. Kxh2 Qxf2+ 39. Kh3 Qxf3 0-1

[Event "Titled Tuesday intern op 01st Aug Early"]
[Site "Chess.com INT"]
[Date "2023.08.01"]
[Round "9"]
[White "Mikhailovsky, Vladimir"]
[Black "Omorjan, Dejan"]
[Result "1-0"]
[WhiteElo "2215"]
[BlackElo "2293"]
[PlyCount "75"]
[EventDate "2023.08.01"]
[EventType "swiss (blitz)"]
[EventRounds "11"]
[EventCountry "USA"]
[SourceTitle "EXT 2024"]
[Source "ChessBase"]
[SourceDate "2023.10.10"]
[SourceVersion "1"]
[SourceVersionDate "2023.10.10"]
[SourceQuality "1"]

1. d4 Nf6 2. c4 e6 3. Nc3 Bb4 4. e3 b6 5. Nge2 c5 6. a3 Ba5 7. Bd2 Bb7 8. f3 d5 9. cxd5 exd5 10. g3 0-0 11. Bg2 Nc6 12. Kf2 Re8 13. Re1 Ne7 14. Rb1 c4 15. b4 cxb3 16. Qxb3 Ba6 17. Nf4 Rc8 18. Rbc1 Bc4 19. Qb2 Qd7 20. Bh3 Nf5 21. g4 g5 22. Nfxd5 Nxd5 23. Nxd5 Qxd5 24. gxf5 Bxd2 25. Qxd2 Qd6 26. Kg1 f6 27. Rc3 Bf7 28. Rec1 Rxc3 29. Qxc3 Qd5 30. e4 Qa2 31. Bf1 Rd8 32. Bc4 Bxc4 33. Qxc4+ Qxc4 34. Rxc4 Rd7 35. d5 Kf7 36. Rc6 Ke7 37. Kf2 Rb7 38. Ke3 1-0

[Event "Titled Tuesday intern op 01st Aug Early"]
[Site "Chess.com INT"]
[Date "2023.08.01"]
[Round "10"]
[White "Omorjan, Dejan"]
[Black "Rosh, Jain"]
[Result "1-0"]
[WhiteElo "2293"]
[BlackElo "2248"]
[PlyCount "39"]
[EventDate "2023.08.01"]
[EventType "swiss (blitz)"]
[EventRounds "11"]
[EventCountry "USA"]
[SourceTitle "EXT 2024"]
[Source "ChessBase"]
[SourceDate "2023.10.10"]
[SourceVersion "1"]
[SourceVersionDate "2023.10.10"]
[SourceQuality "1"]

1. e4 c5 2. Nf3 d6 3. Bb5+ Nd7 4. 0-0 Ngf6 5. Re1 g6 6. c3 a6 7. Bf1 Bg7 8. d4 e5 9. d5 0-0 10. a4 h6 11. Na3 Ne8 12. Nc4 b6 13. Be3 f5 14. exf5 gxf5 15. g3 Qe7 16. Nh4 Qf7 17. Bh3 f4 18. Be6 fxe3 19. fxe3 Nef6 20. Nxd6 1-0

[Event "Titled Tuesday intern op 01st Aug Early"]
[Site "Chess.com INT"]
[Date "2023.08.01"]
[Round "7"]
[White "Omorjan, Dejan"]
[Black "Schlecht, Daniel"]
[Result "1-0"]
[WhiteElo "2293"]
[BlackElo "2370"]
[PlyCount "127"]
[EventDate "2023.08.01"]
[EventType "swiss (blitz)"]
[EventRounds "11"]
[EventCountry "USA"]
[SourceTitle "EXT 2024"]
[Source "ChessBase"]
[SourceDate "2023.10.10"]
[SourceVersion "1"]
[SourceVersionDate "2023.10.10"]
[SourceQuality "1"]

1. d4 Nf6 2. Nf3 g6 3. Bg5 Bg7 4. c3 0-0 5. Nbd2 d6 6. a4 c5 7. dxc5 dxc5 8. Qc2 Nc6 9. e4 h6 10. Be3 b6 11. h3 Qc7 12. Be2 Nh5 13. 0-0 Nf4 14. Rfe1 Nxe2+ 15. Rxe2 Ba6 16. Ree1 Rad8 17. Nf1 Bd3 18. Qc1 Bxe4 19. Bf4 e5 20. Rxe4 exf4 21. Qxf4 Qxf4 22. Rxf4 Rfe8 23. Ne3 Ne5 24. Nxe5 Bxe5 25. Rf3 Bg7 26. Kf1 Rd2 27. Nc4 Rc2 28. Re1 Rxe1+ 29. Kxe1 Rc1+ 30. Kd2 Ra1 31. a5 b5 32. Nd6 Rxa5 33. Nxf7 b4 34. Nd6 bxc3+ 35. bxc3 Ra2+ 36. Kd3 Ra4 37. Nc4 Ra1 38. Ne3 Ra3 39. Nd5 a5 40. Kc4 a4 41. g4 Ra1 42. Ne7+ Kh7 43. Rf7 Rc1 44. Nd5 Kg8 45. Ra7 Ra1 46. f4 a3 47. f5 gxf5 48. gxf5 Rf1 49. Rxa3 h5 50. Ra7 Kf8 51. Nc7 Bf6 52. Ne6+ Kg8 53. Kxc5 Rxf5+ 54. Kd6 Rf3 55. Ra8+ Kh7 56. Ra7+ Kg6 57. c4 Bc3 58. c5 Rd3+ 59. Ke7 Re3 60. c6 Kf5 61. c7 Rxe6+ 62. Kd7 Bf6 63. c8Q Re7+ 64. Kd6+ 1-0

[Event "Belgrade Serbia op"]
[Site "Belgrade"]
[Date "2023.07.24"]
[Round "9"]
[White "Omorjan, Dejan"]
[Black "Bryakin, Mikhail"]
[Result "1/2-1/2"]
[WhiteElo "2314"]
[BlackElo "2454"]
[PlyCount "187"]
[EventDate "2023.07.16"]
[EventType "swiss"]
[EventRounds "9"]
[EventCountry "SRB"]
[SourceTitle "CBM 215 Extra"]
[Source "ChessBase"]
[SourceDate "2023.09.30"]
[SourceVersion "1"]
[SourceVersionDate "2023.09.30"]
[SourceQuality "1"]

1. d4 Nf6 2. c4 e6 3. Nf3 Bb4+ 4. Nbd2 0-0 5. a3 Bxd2+ 6. Qxd2 a5 7. b3 d5 8. e3 b6 9. Be2 Ba6 10. a4 Nc6 11. Ba3 Ne4 12. Qb2 Nb4 13. 0-0 dxc4 14. bxc4 c5 15. Rfd1 Qc7 16. Qb3 Rac8 17. Rac1 Rfd8 18. Qb1 Bb7 19. Bb2 f6 20. Nd2 Nxd2 21. Rxd2 Bc6 22. Bd1 Qd7 23. Qa1 Qe8 24. f3 Qg6 25. Rc3 Rd7 26. Be2 Rcd8 27. Qd1 Kh8 28. Ra3 Qe8 29. Qe1 Rd6 30. Bd1 Bb7 31. Ra1 Nc6 32. Qh4 Nb4 33. Bb3 Qg6 34. Kh1 Qe8 35. Qf2 Ba8 36. Bc3 Bb7 37. Rad1 Bc6 38. Ra1 Qd7 39. Qh4 Qc7 40. Rad1 Qe7 41. Qf2 Qe8 42. Ra1 Qd7 43. Kg1 Na6 44. Rdd1 Bb7 45. Qh4 Qf7 46. Bc2 h6 47. Qg3 R6d7 48. Bg6 Qe7 49. Bb1 Qf7 50. Bg6 Qe7 51. Bb1 Kg8 52. h4 Kf8 53. Re1 Bc6 54. Bc2 Nb4 55. Bb3 Bb7 56. Rad1 Qe8 57. Qg4 Bc6 58. h5 Rd6 59. Ra1 Qf7 60. Qh4 Be8 61. g4 Qb7 62. Rf1 Bf7 63. Rad1 Qe7 64. Qf2 Nc6 65. Rd2 Nb4 66. Rfd1 R8d7 67. e4 cxd4 68. Bxd4 e5 69. Bxb6 Rxd2 70. Rxd2 Rxd2 71. Qxd2 Nc6 72. Be3 Be6 73. Kf2 Kf7 74. Qd3 Qa3 75. Bc2 Qa1 76. Qd1 Qa2 77. Qb1 Qxc4 78. Qb7+ Kg8 79. Bd1 Kh7 80. Qc7 Bg8 81. Qb6 Qa2+ 82. Kg3 Qa1 83. Qxc6 Qxd1 84. Qe8 Qe1+ 85. Bf2 Qc3 86. Qg6+ Kh8 87. Qe8 Qb3 88. Kg2 Qc4 89. Bg1 Qc1 90. Bf2 Qd2 91. Kg3 Qc2 92. Be3 Qd3 93. Bf2 Qe2 94. Bg1 1/2-1/2

[Event "Belgrade Serbia op"]
[Site "Belgrade"]
[Date "2023.07.16"]
[Round "1"]
[White "Nurgali, Nazerke"]
[Black "Omorjan, Dejan"]
[Result "1/2-1/2"]
[WhiteElo "2192"]
[BlackElo "2314"]
[PlyCount "120"]
[EventDate "2023.07.16"]
[EventType "swiss"]
[EventRounds "9"]
[EventCountry "SRB"]
[SourceTitle "CBM 215 Extra"]
[Source "ChessBase"]
[SourceDate "2023.09.30"]
[SourceVersion "1"]
[SourceVersionDate "2023.09.30"]
[SourceQuality "1"]

1. d4 d6 2. c4 e5 3. dxe5 dxe5 4. Qxd8+ Kxd8 5. Nc3 Be6 6. e4 c6 7. Nf3 f6 8. Be3 Na6 9. Be2 Ke8 10. 0-0 g5 11. Nd2 h5 12. Nb3 Rh7 13. Rfc1 g4 14. c5 Nb4 15. a3 Na6 16. Bxa6 Bxb3 17. Be2 Ne7 18. Bd1 Be6 19. b4 Ng6 20. b5 Rc7 21. bxc6 bxc6 22. Ba4 Kf7 23. Ne2 h4 24. Rab1 Be7 25. Bd2 Rac8 26. Be3 Rd8 27. Rd1 Rxd1+ 28. Rxd1 Bc4 29. Nc1 Nf8 30. Nb3 Bb5 31. Bxb5 cxb5 32. Rc1 Ne6 33. Kf1 a5 34. Nxa5 Nxc5 35. Nb3 Ne6 36. Rxc7 Nxc7 37. Bc5 Ne6 38. Bb4 Ng5 39. Nd2 h3 40. gxh3 gxh3 41. f3 Bd8 42. Kf2 Kg6 43. Nf1 Bb6+ 44. Kg3 f5 45. exf5+ Kxf5 46. Be7 Bd4 47. Nd2 Be3 48. Bxg5 Bxg5 49. Ne4 Be7 50. Nc3 Bxa3 51. Nxb5 Bb4 52. Kxh3 Kf4 53. Kg2 e4 54. fxe4 Kxe4 55. Kg3 Kf5 56. Nd4+ Kg6 57. Kg4 Be1 58. Nf5 Bf2 59. Ng3 Be1 60. Ne4 Kh6 1/2-1/2

[Event "Vojvodina op 13th"]
[Site "Novi Sad"]
[Date "2023.07.02"]
[Round "5"]
[White "Priyanka, K."]
[Black "Omorjan, Dejan"]
[Result "1-0"]
[WhiteElo "2143"]
[BlackElo "2314"]
[PlyCount "158"]
[EventDate "2023.06.29"]
[EventType "swiss"]
[EventRounds "9"]
[EventCountry "SRB"]
[SourceTitle "CBM 215 Extra"]
[Source "ChessBase"]
[SourceDate "2023.09.30"]
[SourceVersion "1"]
[SourceVersionDate "2023.09.30"]
[SourceQuality "1"]

1. e4 c5 2. Nf3 Nc6 3. d4 cxd4 4. Nxd4 e5 5. Nb5 d6 6. c4 g6 7. N1c3 a6 8. Na3 Bg7 9. Bd3 Be6 10. Nc2 Nf6 11. 0-0 0-0 12. b4 Rc8 13. Bb2 Bg4 14. Qd2 Nh5 15. Nd5 Ne7 16. Nce3 Be6 17. Nxe7+ Qxe7 18. Rfd1 Rfd8 19. Bf1 Qf8 20. Rac1 f5 21. exf5 gxf5 22. Qe1 Nf4 23. g3 Ng6 24. Nd5 Qf7 25. Bg2 Re8 26. Rc2 Rcd8 27. Qd2 Rf8 28. Qe1 Kh8 29. f4 Rfe8 30. Re2 b5 31. cxb5 axb5 32. Qd2 Rg8 33. Kh1 Rb8 34. a3 Rgd8 35. Qe3 e4 36. Bxg7+ Qxg7 37. Red2 Rbc8 38. Bf1 Rb8 39. Nc3 Bb3 40. Rb1 Bg8 41. Nxb5 d5 42. Nd4 Rdc8 43. a4 Qa7 44. a5 Ne7 45. a6 Bf7 46. b5 Bh5 47. Nxf5 Bf3+ 48. Bg2 Rxb5 49. Re1 Qxe3 50. Nxe3 Ra8 51. Bxf3 exf3 52. Ra1 Rb3 53. Nxd5 Rxa6 54. Rad1 Rd6 55. Kg1 Rxd5 56. Rxd5 Nxd5 57. Rxd5 Rb1+ 58. Kf2 Rb2+ 59. Kxf3 Rxh2 60. Rd7 Kg8 61. Kg4 Rg2 62. Kh4 Rg1 63. g4 Kf8 64. Kg5 Rh1 65. Kf5 Rh2 66. g5 Rh4 67. Rd6 Kg7 68. Rd7+ Kf8 69. Ke5 Ke8 70. Ra7 Rh1 71. Kf6 Rh4 72. f5 Rh5 73. Ra8+ Kd7 74. g6 hxg6 75. fxg6 Rh1 76. g7 Rf1+ 77. Ke5 Re1+ 78. Kd4 Rd1+ 79. Ke3 Re1+ 1-0

[Event "Ecka Rain Band 1st"]
[Site "Ecka"]
[Date "2023.06.21"]
[Round "9.1"]
[White "Omorjan, Dejan"]
[Black "Korelskiy, Egor"]
[Result "1/2-1/2"]
[WhiteElo "2281"]
[BlackElo "2096"]
[PlyCount "151"]
[EventDate "2023.06.13"]
[EventType "schev"]
[EventRounds "9"]
[EventCountry "SRB"]
[SourceTitle "CBM 214 Extra"]
[Source "ChessBase"]
[SourceDate "2023.07.31"]
[SourceVersion "1"]
[SourceVersionDate "2023.07.31"]
[SourceQuality "1"]
[WhiteTeam "Team D"]
[BlackTeam "Team A"]
[WhiteTeamCountry "SRB"]
[BlackTeamCountry "SRB"]

1. d4 d5 2. Nf3 Nf6 3. Bf4 g6 4. c4 c6 5. e3 Bg7 6. Nc3 0-0 7. Rc1 a6 8. h3 Bf5 9. g4 Be4 10. cxd5 Bxf3 11. Qxf3 Nxd5 12. Nxd5 cxd5 13. Rc5 e6 14. Bc7 Qd7 15. Bg2 Rc8 16. Bb6 Rc6 17. Rxc6 Qxc6 18. Bc5 Nd7 19. Ba3 Qc4 20. Qe2 Qc1+ 21. Qd1 Qc4 22. b3 Qb5 23. Qd2 Rc8 24. Bf1 Qc6 25. Be2 Bf8 26. Bxf8 Nxf8 27. 0-0 Qc3 28. Qxc3 Rxc3 29. Ra1 Nd7 30. Kf1 Nf6 31. Ke1 Kf8 32. Bd1 Ne4 33. Ke2 Ke7 34. f3 Nd6 35. Kd2 Rc7 36. Be2 h6 37. Bd3 Nc8 38. Re1 Na7 39. h4 Nc6 40. f4 Rc8 41. Rh1 Rg8 42. Rc1 Kd7 43. Rg1 Ne7 44. Be2 Kd6 45. Bd1 Kd7 46. Rh1 Nc8 47. h5 g5 48. Rf1 Nd6 49. Bc2 gxf4 50. Rxf4 Ke7 51. e4 dxe4 52. Bxe4 Rg5 53. Bf3 b5 54. Be2 f6 55. Ke3 e5 56. Rf1 Ke6 57. Rc1 exd4+ 58. Kxd4 Rd5+ 59. Ke3 Re5+ 60. Kf3 f5 61. gxf5+ Rxf5+ 62. Kg2 Rg5+ 63. Kf1 Kd7 64. Bf3 b4 65. Rd1 Ke7 66. Rd4 a5 67. Kf2 Nf7 68. Be2 Nd6 69. Bf3 Nf7 70. Rd1 Ne5 71. Be2 Nd7 72. Rc1 Nf6 73. Rc6 Nxh5 74. Rxh6 Nf6 75. Rh4 Nd5 76. Rh7+ 1/2-1/2

[Event "Ecka Rain Band 1st"]
[Site "Ecka"]
[Date "2023.06.20"]
[Round "8.3"]
[White "Atalik, Suat"]
[Black "Omorjan, Dejan"]
[Result "0-1"]
[WhiteElo "2442"]
[BlackElo "2281"]
[PlyCount "132"]
[EventDate "2023.06.13"]
[EventType "schev"]
[EventRounds "9"]
[EventCountry "SRB"]
[SourceTitle "CBM 214 Extra"]
[Source "ChessBase"]
[SourceDate "2023.07.31"]
[SourceVersion "1"]
[SourceVersionDate "2023.07.31"]
[SourceQuality "1"]
[WhiteTeam "Team B"]
[BlackTeam "Team D"]
[WhiteTeamCountry "SRB"]
[BlackTeamCountry "SRB"]

1. d4 d6 2. Nf3 Nf6 3. c4 g6 4. Nc3 Bg7 5. e4 0-0 6. Be2 Na6 7. 0-0 e5 8. Re1 c6 9. d5 Nc5 10. Qc2 cxd5 11. cxd5 Qc7 12. Bd1 a5 13. Na4 b6 14. Nxc5 dxc5 15. a4 Ne8 16. Nd2 Nd6 17. Nc4 f5 18. Nxd6 Qxd6 19. Bf3 Ra7 20. Be3 Raf7 21. Qc4 Kh8 22. Ra3 Bf6 23. Bh6 Rg8 24. Bd2 h5 25. Rb3 f4 26. Qe2 Rh7 27. Qb5 Bd8 28. Qc6 Qxc6 29. dxc6 g5 30. Rd3 Bc7 31. Bc3 Be6 32. Rd5 Bxd5 33. exd5 Re7 34. Bxh5 Rd8 35. Bf3 Kg7 36. g4 Kf6 37. Be4 Bd6 38. Kg2 c4 39. Rc1 Rb8 40. Be1 Ra7 41. Rxc4 b5 42. axb5 Rxb5 43. Ra4 Rxb2 44. Rxa5 Ra2 45. Rxa7 Rxa7 46. Kf1 Ra2 47. f3 Rxh2 48. Ba5 Ke7 49. Ke1 Rh1+ 50. Kd2 Rh2+ 51. Kd3 Rh1 52. Kc2 Ra1 53. Bc3 Ra7 54. Kb2 Kd8 55. Kb3 Kc7 56. Kc4 Ra3 57. Bd3 Kb6 58. Be1 Ra2 59. Kb3 Ra3+ 60. Kc4 Ra1 61. Bf2+ Ka5 62. Kb3 Ra3+ 63. Kc4 Bb4 64. d6 Rc3+ 65. Kd5 Rxd3+ 66. Kxe5 Bxd6+ 0-1